Affairs of West Africa / (Record no. 8465)
[ view plain ]
| 000 -LEADER | |
|---|---|
| fixed length control field | 00758cam a2200253 a 4500 |
| 001 - CONTROL NUMBER | |
| JCCL Control Number | 8465 |
| 003 - CONTROL NUMBER IDENTIFIER | |
| JCCL marc code | BD-JhCC |
| 005 - DATE AND TIME OF LATEST TRANSACTION | |
| control field | 20180923104650.0 |
| 008 - FIXED-LENGTH DATA ELEMENTS--GENERAL INFORMATION | |
| fixed length control field | 020607s1902 enk | |||| ||eng|d |
| 035 ## - SYSTEM CONTROL NUMBER | |
| system control number | (UkLCURL)070012639740 |
| 035 ## - SYSTEM CONTROL NUMBER | |
| system control number | (BD-JhCC)8465 |
| 040 ## - CATALOGING SOURCE | |
| Original cataloging agency | DLC |
| Transcribing agency | RRR |
| Modifying agency | EQO |
| -- | BD-JhCC |
| 041 ## - LANGUAGE CODE | |
| Language code of Book | eng |
| 082 ## - DEWEY DECIMAL CLASSIFICATION NUMBER | |
| Author mark and Year | MOR 1902 |
| Classification number | 916.6032 |
| 100 1# - MAIN ENTRY--PERSONAL NAME | |
| Personal name | Morel, E. D. |
| Fuller form of name | (Edmund Dene), |
| Dates associated with a name | 1873-1924. |
| 245 10 - TITLE STATEMENT | |
| Title | Affairs of West Africa / |
| Statement of responsibility, etc | by Edmund D. Morel. |
| 260 ## - PUBLICATION, DISTRIBUTION, ETC. (IMPRINT) | |
| Place of publication, distribution, etc | London : |
| Name of publisher, distributor, etc | W. Heinemann, |
| Date of publication, distribution, etc | 1902. |
| 300 ## - PHYSICAL DESCRIPTION | |
| Pagination | xv, 382p, [33] leaves of plates ; |
| Dimensions | 23cm. |
| 651 #0 - SUBJECT ADDED ENTRY--GEOGRAPHIC NAME | |
| Geographic name | Africa, West |
| General subdivision | Economic conditions. |
| 651 #0 - SUBJECT ADDED ENTRY--GEOGRAPHIC NAME | |
| Geographic name | Africa, West |
| General subdivision | Politics and government. |
| 651 #0 - SUBJECT ADDED ENTRY--GEOGRAPHIC NAME | |
| Geographic name | Africa, West |
| General subdivision | Social conditions. |
| 942 ## - ADDED ENTRY ELEMENTS (KOHA) | |
| Source of classification or shelving scheme | Dewey Decimal Classification |
| Koha item type | Books |
| Source of classification or shelving scheme | Damaged status | Not for loan | Home library | Current library | Shelving location | Total Checkouts | Full call number | Barcode | Date last seen | Copy number | Koha item type |
|---|---|---|---|---|---|---|---|---|---|---|---|
| Dewey Decimal Classification | JCC Rouf Library | JCC Rouf Library | General Stacks | 916.6032 MOR 1902 | 11046 | 02/24/2018 | C - 1 | Books |